000
00222 a2200109 4500
020
_a
9788444161945
041
_a
spa
100
_a
Disney, Walt
245
_a
Mis cuentos de Winnie the Pooh
942
_c
BK
952
_7
4
_x
ok
999
_c
25811
_d
25811